| 000 | 00622nam a2200193Ia 4500 | ||
|---|---|---|---|
| 003 | GCL | ||
| 008 | 140319s9999 xx 000 0 ara d | ||
| 040 |
_aGCL / _cGCL |
||
| 082 | 0 | 4 |
_a813.03 _bص ا |
| 100 | 1 | _aصبرى موسى | |
| 245 | 1 | 0 |
_aالسيد من حقل السبانخ / _cصبرى موسى |
| 260 |
_aالقاهرة : _bالهيئة المصرية العامة للكتاب ، _c1997 |
||
| 300 |
_a231 ص ؛ _c24 سم |
||
| 490 |
_aمكتبة الاسرة _v0 |
||
| 650 | 0 | 4 | _aالادب العربى |
| 650 | 0 | 4 | _aالقصص العربية |
| 650 | 0 | 4 | _aالرواية العربية |
| 942 |
_2ddc _cBK |
||
| 999 |
_c50811 _d50811 |
||